Central Library OPAC University of Rajshahi

The affair / (Record no. 21128)

MARC details
000 -LEADER
fixed length control field 00614nam a2200217 a 4500
001 - CONTROL NUMBER
control field 21128
003 - CONTROL NUMBER IDENTIFIER
rucl marc code BD-RjUL
005 - DATE AND TIME OF LATEST TRANSACTION
control field 20240318123038.0
008 - FIXED-LENGTH DATA ELEMENTS--GENERAL INFORMATION
fixed length control field 140303s1960 nyu 000 1 eng d
035 ## - SYSTEM CONTROL NUMBER
System control number (BD-RjUL)21128
040 ## - CATALOGING SOURCE
Original cataloging agency DLC
Transcribing agency DLC
Modifying agency DLC
-- BD-RjUL
Language of cataloging eng
041 ## - LANGUAGE CODE
Language code of text/sound track or separate title eng
082 00 - DEWEY DECIMAL CLASSIFICATION NUMBER
Classification number 823.91
Author mark and year SNA 1960
100 1# - MAIN ENTRY--PERSONAL NAME
Personal name Snow, C. P.
Fuller form of name (Charles Percy),
Dates associated with a name 1905-1980.
9 (RLIN) 22516
245 14 - TITLE STATEMENT
Title The affair /
Statement of responsibility, etc. C. P. Snow
260 ## - PUBLICATION, DISTRIBUTION, ETC. (IMPRINT)
Place of publication, distribution, etc. London;
-- New York :
Name of publisher, distributor, etc. Macmillan & Co Ltd.,
Date of publication, distribution, etc. 1960
300 ## - PHYSICAL DESCRIPTION
Pagination 375 p. ;
Size 22 cm.
490 0# - SERIES STATEMENT
Series statement [His Strangers and brothers, 8]
650 #0 - SUBJECT ADDED ENTRY--TOPICAL TERM
Topical term or geographic name as entry element The affair
9 (RLIN) 65311
942 ## - ADDED ENTRY ELEMENTS (KOHA)
Source of classification or shelving scheme Dewey Decimal Classification
Koha item type Books
Holdings
Lost status Source of classification or shelving scheme Damaged status Not for loan Collection code Permanent Location Current Location Shelving location Date acquired Source of acquisition Cost, normal purchase price Full call number Date last seen Copy number Koha item type Total Checkouts
  Dewey Decimal Classification     Fiction Central Library, University of Rajshahi Central Library, University of Rajshahi General Stacks 17/04/1964 Zeithlinger. 18.00 823.91 SNA 1960 03/03/2014 C-2 Books  
  Dewey Decimal Classification   Not For Loan Fiction Central Library, University of Rajshahi Central Library, University of Rajshahi Reading Room 01/03/1964 Zeitlinger 18.00 823.91 SNA 1960 18/03/2024 C-1 Books